000 00796nam a2200253Ia 4500
003 OSt
005 20220918171408.0
006 a|||||r|||| 00| 0
007 ta
008 220917b |||||||| |||| 00| 0 eng d
020 _a9781614290414 (pbk)
_c979.80
024 _a281,102
037 _b40536, 07/03/2014, Segment Book Distributors
_cTextual
040 _aARTS
_cARTS
_beng
041 _2eng
_aeng
082 _aQ4596, Q2
100 _aRoshi Soko Moringa
_936333
245 0 _aCeasing of notions
_b Earlry zen text from the dunhuang caves
260 _aBostoan
_bWisdom Publication
_c2012
300 _a121p.
_ccm.
650 _aRELIGION
942 _hQ4596, Q2
_cTEXL
_2CC
999 _c139390
_d139390